Inequity in the global village : recycled rhetoric and disposable people

Sparad:
Bibliografiska uppgifter
Huvudupphovsman: Black, Jan Knippers, 1940-
Materialtyp: Bok
Publicerad: Kumarian Press 1999
Taggar: Lägg till en tagg
Inga taggar, Lägg till första taggen!
Thư viện lưu trữ: Mạng thư viện Đại học Đà Nẵng
LEADER 00600nam a2200229 a 4500
001 000029733
003 34766
005 20171030145630.0
008 171030s1999
040 |a LTT 
082 0 |a 339.2  |b BL-J 
100 1 |a Black, Jan Knippers, 1940- 
245 0 0 |a Inequity in the global village : recycled rhetoric and disposable people  |c Jan Knippers Black. 
260 |b Kumarian Press  |c 1999 
500 |a ASIA 
OWN |a LTT 
999 |a From the UDN01 
TYP |a Monograph 
TYP |a Printed language 
980 |a Mạng thư viện Đại học Đà Nẵng